|
|
|
|
| LEADER |
00000cam a2200000 a 4500 |
| 001 |
UCF4464 |
| 003 |
CL-VaPUC |
| 008 |
121206e20111100CL |||||||||||||||||spa|d |
| 082 |
0 |
4 |
|a 621.30983
|b TRA
|2 21
|
| 110 |
2 |
|
|a Transelec
|e author
|9 566022
|
| 245 |
1 |
0 |
|a Uniendo a Chile con energía: la historia de Transelec2011
|
| 300 |
|
|
|a 183 p
|
| 942 |
|
|
|c BK
|
| 945 |
|
|
|d 20121206 00:00:00
|a dcastane
|
| 260 |
|
|
|a Santiago
|b Transelec
|c 2011
|
| 650 |
|
0 |
|a Energía eléctrica
|9 256678
|
| 650 |
|
7 |
|a EMPRESAS ELECTRICAS
|2 CL-VaPUC
|9 257194
|
| 583 |
|
|
|a last modification
|c 20121206 10:49:00
|k Rodrigo Vera
|
| 999 |
|
|
|c 350259
|d 350257
|
| 952 |
|
|
|0 0
|1 0
|4 0
|6 621_309830000000000_TRA_2011
|7 0
|8 A
|9 453501
|a BIBING
|b BIBING
|d 2019-11-22
|i 491127K
|o 621.30983 TRA 2011
|p 491127K
|r 2025-01-20
|w 2019-11-22
|y BK
|k ING
|